• 首页
  • 本馆介绍
  • 公告通知
  • 最新文献
  • 馆藏检索
  • 电子资源
  • 读者导购
  • 参考咨询
  • 我的图书馆
  • 登录
  • 详细信息显示
  • 放入我的书架
  • 预约/预借图书
  • 作者相关作品
  • 分类相关作品
  • 丛书相关作品
  • 出版社相关作品

书目信息

  • 表格格式
  • 工作单格式
  • 卡片格式
题名:
农村金融业务与改革
    
 
作者: 韩平 主编
分册:  
出版信息: 北京   中国金融出版社  2008
页数: 136页
开本: 24cm
丛书名:
单 册:
中图分类: F832.35
科图分类:
主题词: 农村金融--银行业务--职业教育--中国--教材 , 农村金融--经济体制改革--职业教育--中国--教材 , 农村金融 , 银行业务 , 经济体制改革
电子资源:
ISBN: 978-7-5049-4621-8
000 00992nam0 2200277 45
005 20100303111456.17
010    @a978-7-5049-4621-8@dCNY26.00
100    @a20100120d2008 em y0chiy50 ea
101 0  @achi
102    @aCN@b110000
105    @ay z 000yy
106    @ar
200 1  @a农村金融业务与改革@ANong Cun Jin Rong Ye Wu Yu Gai Ge@f韩平主编@FHan Ping Zhu Bian
210    @a北京@c中国金融出版社@d2008
215    @a136页@d24cm
300    @a中国人民银行全员岗位任职培训教材
330    @a本书以农村信用社业务与改革内容为主线,并对农村金融改革概况做了相应介绍;由五部分组成:历史与现状、业务与管理、改革与资金支持、小额信贷发展趋势、存款保险与金融稳定等。
606 0  @a农村金融@x银行业务@x职业教育@y中国@j教材
606 0  @a农村金融@x经济体制改革@x职业教育@y中国@j教材
606 0  @a农村金融
606 0  @a银行业务
606 0  @a经济体制改革
690    @aF832.35@v4
701  0 @a韩平@AHan Ping@4主编
801  0 @aCN@bTANGWEI@c20100303
905    @b0584209-13@dF832.35@e59@f5
    
    农村金融业务与改革/韩平主编.-北京:中国金融出版社,2008
    136页;24cm
    中国人民银行全员岗位任职培训教材
    
    ISBN 978-7-5049-4621-8:CNY26.00
    本书以农村信用社业务与改革内容为主线,并对农村金融改革概况做了相应介绍;由五部分组成:历史与现状、业务与管理、改革与资金支持、小额信贷发展趋势、存款保险与金融稳定等。
●
相关链接 在E读中查询图书 在五车中查询图书 在当当中查询图书 在豆瓣中查询图书


正题名:农村金融业务与改革     索取号:F832.35/59         预约/预借

序号 登录号 条形码 馆藏地/架位号 状态 备注
1 0584209   205842098   第一样本阅览室/ [索取号:F832.35/59] 在馆    
2 0584210   205842105   密集书库-海洋学院/ [索取号:F832.35/59] 在馆    
3 0584211   205842114   第一借阅区/ [索取号:F832.35/59] 在馆    
4 0584212   205842123   第一借阅区/ [索取号:F832.35/59] 在馆    
5 0584213   205842132   第一借阅区/ [索取号:F832.35/59] 在馆    
唐山师范学院图书馆 欢迎您!
大连网信软件有限公司© 版权所有